LEADER 01185nam1-2200385---450- 001 990003578570203316 005 20111019115809.0 035 $a000357857 035 $aUSA01000357857 035 $a(ALEPH)000357857USA01 035 $a000357857 100 $a20111019d--------km-y0itay50------ba 101 0 $afre 102 $aFR 105 $a||||||||001yy 200 1 $aSpéculations sur la spécularité$fBruno Eble 210 $aParis$cL'Harmattan 215 $avolumi$d22 cm 225 2 $aOuverture philosophique 410 0$12001$aOuverture philosophique 463 \1$1001990003578590203316$12001 $a<<1:>> <> miroir et l'empreinte 463 \1$1001990003578600203316$12001 $a<<2:>> <> temporalité refletée 606 0 $aEstetica$2BNCF 676 $a111.85 700 1$aEBLE,$bBruno$0610730 801 0$aIT$bsalbc$gISBD 912 $a990003578570203316 951 $aII.1.D. 5416/$bL.M.$cII.1.D. 959 $aBK 969 $aUMA 979 $aIANNONE$b90$c20111019$lUSA01$h1153 979 $aIANNONE$b90$c20111019$lUSA01$h1156 979 $aIANNONE$b90$c20111019$lUSA01$h1158 996 $aSpéculations sur la spécularité$91116257 997 $aUNISA LEADER 01393nam--2200421---450- 001 990002032430203316 005 20051014113457.0 035 $a000203243 035 $aUSA01000203243 035 $a(ALEPH)000203243USA01 035 $a000203243 100 $a20040927d1982----km-y0itay0103----ba 101 $aita 102 $aIT 105 $a||||||||001yy 200 1 $aGente di laguna$eideologia e istituzioni sociali dei hauve di San Mateo del Mar$fItalo Signorini$gcon saggi di Giorgio Raimondo Cardona, Carla maria Rita e Luigi Tranfo$gprefazione di Vinigi L. Grottanelli 210 $aMilano$cF. Angeli$d1982 215 $a283 p.$d22 cm 225 2 $aAntropologia culturale e sociale$iStudi e ricerche$v8 410 0$12001$aAntropologia culturale e sociale$iStudi e ricerche$v8 454 1$12001 461 1$1001-------$12001 607 $aHuave 676 $a572.9 700 1$aSIGNORINI,$bItalo$0143151 702 $aCARDONA,$bGiorgio Raimondo 702 $aRITA,$bCarla Maria 702 $aTRANFO,$bLuigi 801 0$aIT$bsalbc$gISBD 912 $a990002032430203316 951 $aIII.2. 904(VI C coll 16/8)$b9585 L.M.$cVI C 959 $aBK 969 $aUMA 979 $aSIAV7$b10$c20040927$lUSA01$h1910 979 $aCOPAT1$b90$c20051014$lUSA01$h1134 979 $aCOPAT1$b90$c20051014$lUSA01$h1134 996 $aGente di laguna$9510565 997 $aUNISA